| 000 | 00479nam a2200169 i 4500 | ||
|---|---|---|---|
| 001 | 86212 | ||
| 003 | ES-MaACL | ||
| 005 | 20230906175411.0 | ||
| 007 | t| | ||
| 008 | 041209s1965 sp ||||1| spa d | ||
| 100 | 1 |
_aKestergat, J. _967957 |
|
| 245 | 1 | 0 |
_aAndré Ryckmans / _cJ. Kestergat ; traductor, Pedro Darnell. |
| 260 |
_aBarcelona : _bEstela, _c[1965] |
||
| 300 |
_a270 p., 10 lám. ; _c20 cm. |
||
| 700 | 1 |
_aDarnell, Pedro. _942741 |
|
| 852 |
_aES-MaACL _jC-27164 _bR.56112 |
||
| 999 |
_c86212 _d86212 |
||